000 00352nam a2200145Ia 4500
008 151213s9999 xx 000 0 und d
020 _a81-203-1369-0
245 _aCorporate Finance & Investment
250 _a2nd
260 _aNew Delhi
_bPrentic Hall of India
_c2006
300 _a9268 p.
650 _aFinance
650 _aFinance
999 _c4734
_d4734